| 000 | 00715nam a2200253 a 4500 | ||
|---|---|---|---|
| 001 | 37983 | ||
| 003 | BD-RjUL | ||
| 005 | 20211209052712.0 | ||
| 008 | 150822s1923 nyu 000 0 eng | ||
| 035 | _a(BD-RjUL) 38088 | ||
| 035 | _a(OCoLC)1297761 | ||
| 040 |
_aDLC _cOT _dOCoLC _dBD-RjUL _beng |
||
| 041 | _aeng | ||
| 082 |
_a327.4 _bANI 1923 |
||
| 100 | 1 |
_aAngell, Norman _d1874-1967. _9117661 |
|
| 245 | 1 | 0 |
_aIf Britain is To Live / _cby Norman Angell . |
| 260 |
_aLondon : _bNisbet & Co. Ltd , _c1923. |
||
| 300 |
_a128 p. ; _c20 cm. |
||
| 650 | 0 |
_aEconomic policy. _9116878 |
|
| 651 | 0 |
_aGreat Britain _xEconomic policy. _9117662 |
|
| 942 |
_2ddc _cBK |
||
| 999 |
_c37983 _d37983 |
||